<?xml version="1.0" encoding="UTF-8"?>
<marc:record xmlns:marc="http://www.loc.gov/MARC21/slim">
   <marc:leader>00000nam a2200000 a 4500</marc:leader>
   <marc:datafield ind1="1" ind2=" " tag="100">
      <marc:subfield code="a">Kinsella, Sophie</marc:subfield>
      <marc:subfield code="4">aut</marc:subfield>
      <marc:subfield code="e">Verfasser/-in</marc:subfield>
   </marc:datafield>
   <marc:datafield ind1="0" ind2="0" tag="245">
      <marc:subfield code="a">Die Familienfeier</marc:subfield>
   </marc:datafield>
   <marc:datafield ind1="0" ind2="0" tag="245">
      <marc:subfield code="b">Roman</marc:subfield>
   </marc:datafield>
   <marc:datafield ind1=" " ind2="1" tag="264">
      <marc:subfield code="a">München</marc:subfield>
      <marc:subfield code="b">Goldmann</marc:subfield>
      <marc:subfield code="c">2022</marc:subfield>
   </marc:datafield>
   <marc:datafield ind1=" " ind2=" " tag="250">
      <marc:subfield code="a">Deutsche Erstausgabe</marc:subfield>
   </marc:datafield>
   <marc:datafield ind1="1" ind2=" " tag="520">
      <marc:subfield code="a">Angaben aus der Verlagsmeldung&lt;br/&gt;&lt;br/&gt;Die Familienfeier : Roman The Party-Crasher / von Sophie Kinsella&lt;br/&gt;&lt;br/&gt;Seit ihr Vater mit der unmöglichen Krista zusammen ist, spricht Effie kaum mehr ein Wort mit ihm. Als das Paar auch noch das Familienanwesen Greenoaks verkauft und nur Effie nicht zu der großen Abschiedsparty einlädt, hat sie endgültig genug. Sie beschließt, sich auf die Feier zu schleichen, um zumindest heimlich ein paar Erinnerungsstücke aus ihrer Kindheit zu retten. Prompt läuft sie in Greenoaks Joe in die Arme  ihre Jugendliebe und inzwischen umschwärmter Herzchirurg. Während Effie unbemerkt von den anderen Gästen durch Greenoaks schleicht, lernt sie nicht nur Joe, sondern auch ihre Familie von einer ganz neuen Seite kennen. Und sie muss sich fragen, ob nicht jeder eine zweite Chance verdient hat?</marc:subfield>
   </marc:datafield>
   <marc:datafield ind1=" " ind2=" " tag="020">
      <marc:subfield code="a">9783442493050</marc:subfield>
      <marc:subfield code="9">9783442493050</marc:subfield>
   </marc:datafield>
   <marc:datafield ind1=" " ind2=" " tag="041">
      <marc:subfield code="a">ger</marc:subfield>
   </marc:datafield>
   <marc:datafield ind1="1" ind2=" " tag="521">
      <marc:subfield code="a">0</marc:subfield>
   </marc:datafield>
   <marc:datafield ind1=" " ind2=" " tag="300">
      <marc:subfield code="a">432 Seiten</marc:subfield>
   </marc:datafield>
</marc:record>
